[Event "1st Longtou Cup Belt and Road"]
[Site "Qinhuangdao"]
[Date "2018.06.03"]
[Round "8"]
[White "Tabatabaei, M amin"]
[Black "Wang, Hao"]
[Result "0-1"]
[WhiteElo "2587"]
[BlackElo "2710"]
[Annotator "TA"]
[PlyCount "80"]
[EventDate "2018.??.??"]
[EventCountry "CHN"]
[SourceTitle "playchess.com"]
[Source "ChessBase"]
[SourceQuality "1"]

{[%evp 12,80,18,0,2,0,0,0,0,-9,0,0,0,0,0,-37,0,0,3,-36,-32,-31,-41,-27,-27,-47,0,0,2,-13,-13,-13,-12,-27,-19,-57,-64,-90,0,-247,-234,-218,-72,-238,-222,-247,-211,-269,-269,-252,-266,-447,-439,-440,-454,-434,-421,-506,-509,-455,-508,-467,-487,-489,-485,-552,-554,-520,-539,-1074,-1070]} 1. d4 Nf6 2. Bg5 d5 3. Nd2 e6 4. e3 Be7 5. Bd3 b6 6. Ngf3 Nbd7 7. O-O Bb7 {D03: 1 d4 d5 2 Nf3 Nf6 3 Bg5, including Torre Attack with early ...d5} 8. Ne5 (8. a4 a6 9. Re1 Ne4 10. Bf4 g5 11. Bg3 h5 12. h3 Nxg3 13. fxg3 g4 14. Nh2 gxh3 15. gxh3 {0-1 (25) Jeran,B (2236)-Shimanov,A (2642) chess.com INT 2017}) 8... Nxe5 9. dxe5 Nd7 {The position is equal.} 10. Bxe7 Qxe7 11. f4 f5 12. c3 O-O 13. g4 Nc5 $146 ({Predecessor:} 13... g6 14. Qf3 Nc5 15. Bc2 Ba6 16. Rfd1 Bd3 17. Rac1 Bxc2 18. Rxc2 {½-½ (28) Illi,H (2181)-Plieger,J (2056) Triesen 2006}) 14. Bc2 $1 Ba6 15. gxf5 Bxf1 16. Nxf1 exf5 17. Bxf5 Kh8 18. Ng3 g5 19. Qd4 Rae8 20. Qxd5 Rd8 21. Qg2 Nd3 22. Bxd3 {Qe4 is the strong threat.} gxf4 23. exf4 {aiming for Qe4.} Rxd3 24. Rf1 Qh4 ({Black should play} 24... Rfd8 $1 $17 25. Nf5 Qf7) 25. Qf2 $2 {[#]} (25. e6 $11 {and White has nothing to worry.}) 25... Rg8 $1 $19 {[%mdl 1024] Black has strong compensation.} 26. Kg2 Qd8 (26... h5 $19 {and Black stays clearly on top. Threatens to win with ...Qd8.} 27. Re1 Qg4) 27. Kh1 $2 (27. Kg1 $17) 27... Rd2 28. Qe3 {[#]} Qd5+ $1 $40 {[%mdl 128] Black attacks with force.} ({Don't do} 28... Rxb2 29. Kg1) 29. Qf3 Qxf3+ 30. Rxf3 {[%mdl 4096] Endgame KRR-KRN} Rgd8 31. e6 $2 (31. Re3) 31... Rxb2 {Black is clearly winning.} 32. f5 {Hoping for e7.} Rd1+ 33. Nf1 Kg7 34. f6+ Kf8 35. Kg1 {Threatening mate with Re3.} Re2 36. e7+ Kf7 37. Rf4 Rde1 38. a4 Re6 39. Kf2 R1e5 40. Ne3 Rxe3 {Precision: White = 38%, Black = 72%.} 0-1

[Event "1st Longtou Cup Belt and Road"]
[Site "Qinhuangdao"]
[Date "2018.06.03"]
[Round "8"]
[White "Idani, Pouya"]
[Black "Li, Di"]
[Result "1-0"]
[WhiteElo "2572"]
[BlackElo "2452"]
[Annotator "TA"]
[PlyCount "161"]
[EventDate "2018.??.??"]
[EventCountry "CHN"]
[SourceTitle "playchess.com"]
[Source "ChessBase"]
[SourceQuality "1"]

{[%evp 17,161,20,23,9,21,0,0,0,9,0,0,-14,0,0,8,-25,17,14,10,6,32,13,13,4,71,18,31,0,6,-23,53,50,46,71,64,67,143,143,169,185,222,130,121,127,109,72,109,76,70,0,0,0,0,0,14,12,21,0,21,0,22,0,14,0,2,0,20,0,0,0,0,0,0,0,0,0,0,0,31,0,55,41,54,35,57,31,41,49,45,49,44,44,112,128,128,112,133,142,125,72,59,14,62,31,129,84,95,104,99,43,35,27,68,75,94,75,124,100,153,114,107,131,261,221,391,385,510,371,350,184,568,538,697,599,859,436,608,593,637,554,29974,29975,29975,29976,29971,29971]} 1. e4 e5 2. Nf3 Nf6 3. Nxe5 d6 4. Nf3 Nxe4 5. Qe2 Qe7 6. d3 Nf6 7. Bg5 Nbd7 8. Nc3 Qxe2+ 9. Bxe2 Be7 {LiveBook: 33 Games. C42: Petroff Defence: 3 Nxe5 and unusual White 3rd moves} (9... a6 10. O-O-O h6 11. Bh4 Be7 12. Rhe1 O-O 13. d4 Bd8 14. Bd3 Nb6 15. h3 Bd7 16. Bg3 Re8 17. Rxe8+ Bxe8 {1-0 (66) Short,N (2678)-Ni,H (2671) Riadh 2017}) 10. h3 Nc5 11. O-O-O Ne6 {The position is equal.} 12. Be3 O-O $146 ({Predecessor:} 12... Bd7 13. d4 c6 14. d5 Nc7 15. dxc6 bxc6 16. Bf4 Nfd5 17. Nxd5 Nxd5 {1-0 (34) Giorgadze,T (2540)-Schulz,W Hamburg 1980}) 13. g4 c6 14. d4 d5 15. Bd3 Nd7 16. h4 Re8 17. g5 Bd6 18. Ne2 b6 19. h5 a5 20. g6 Ba6 (20... fxg6 $11 {remains equal.} 21. hxg6 h6) 21. gxf7+ (21. gxh7+ $16 Kh8 22. Bxa6 Rxa6 23. Kb1) 21... Kxf7 $11 22. c4 Nf6 23. b3 Ng4 (23... Kf8 $11) 24. Rhg1 $14 Nxe3 25. fxe3 Kg8 26. Ng3 Ba3+ (26... Kh8 $14) 27. Kc2 $16 Ra7 28. Ne5 Rc7 {[#]} 29. Nf5 ({White should try} 29. h6 $1 $18 {[%mdl 512]}) 29... Kh8 30. Rdf1 Rf8 31. Rf3 Bb7 32. Rh3 Rf6 33. cxd5 (33. Kb1 $14) 33... cxd5+ $11 34. Kd2 Bc8 35. Rf3 Bb4+ 36. Ke2 Ba3 37. Rff1 Rf8 38. Rf2 Rf6 39. Rgf1 Bb4 40. Kd1 Ba3 41. Ke2 Bb4 42. h6 g6 43. Nh4 Rxf2+ 44. Rxf2 Kg8 $1 45. Rg2 {aiming for Nhxg6!} Nf8 $1 46. Nhf3 Be7 47. Rg1 Bf6 48. Kd2 Be6 (48... Be7 $11) 49. Bb5 Bf5 {Black wants to play ...Rc2+.} 50. Bc6 $1 {[%cal Rc6d5]} Be4 51. Rc1 {Black must now prevent Bxd5+!} Kh8 $1 52. Ng4 Be7 53. Nfe5 Ne6 54. Nf2 Ba3 (54... Bb4+ $14 55. Ke2 Bf5) 55. Rf1 $1 $36 {[%mdl 2048] Black is under strong pressure.} Bf5 {[#]} 56. Nfd3 $1 Bf8 57. Bxd5 Ng5 58. Rh1 ({Better is} 58. Nc4) 58... Be4 59. Rg1 Bxd5 (59... Nf3+ $5 60. Nxf3 Bxd5 $11) 60. Rxg5 {Strongly threatening Nxg6+!} Be4 (60... Be6 $14) 61. Rg4 Bf5 62. Rh4 Be7 {[#]} 63. Rh2 (63. Rh1 $1 $16) 63... Kg8 $14 64. Rh1 Bg5 65. Nc4 a4 66. Nd6 Be6 67. bxa4 {And now Rb1 would win.} Bxa2 (67... Bd5 $142 68. Rb1 Rc6) 68. Ne4 $16 Bd5 69. Rg1 Be7 (69... Bxe4 $16 {was necessary.} 70. Rxg5 Bf5) 70. Nc3 $18 Bf7 $2 (70... Bf3 71. Rb1 Rc8 72. Rxb6 Bh1) 71. Rb1 Bg5 72. Rxb6 {Hoping for Rb8+.} Bxh6 73. Ne4 (73. Rb8+ $142 Kg7 74. Nb5) 73... Bf8 $2 (73... Ra7 74. Nec5 Bf8) 74. a5 {[%cal Ba4a5,Ba5a6][%mdl 32]} h5 75. Ne5 h4 76. Ng5 Be8 77. Rb8 Re7 78. a6 Bh6 79. Nxg6 {White mates.} Ra7 80. Rxe8+ Kg7 81. Re7+ {Precision: White = 48%, Black = 37%.} 1-0

[Event "1st Longtou Cup Belt and Road"]
[Site "Qinhuangdao"]
[Date "2018.06.03"]
[Round "8"]
[White "Liu, Guanchu"]
[Black "Zhang, Fuhan"]
[Result "1/2-1/2"]
[WhiteElo "2459"]
[BlackElo "2195"]
[Annotator "TA"]
[PlyCount "57"]
[EventDate "2018.??.??"]
[EventCountry "CHN"]
[SourceTitle "playchess.com"]
[Source "ChessBase"]
[SourceQuality "1"]

{[%evp 23,57,38,47,26,47,32,37,27,32,31,27,27,22,41,40,41,45,45,45,41,33,24,29,0,0,0,0,0,0,-25,-26,-42,-41,-26,-50,-51]} 1. e4 c5 2. Nf3 Nc6 3. Nc3 e6 4. d4 cxd4 5. Nxd4 Qc7 6. Be3 a6 7. Qd2 Nf6 8. O-O-O Bb4 9. f3 Ne7 {B48: Sicilian: Taimanov: 5 Nc3 Qc7 6 Be3 a6 without Be2} 10. Nde2 b5 11. Bf4 e5 12. Bg5 h5 {LiveBook: 18 Games} 13. h4 Bb7 14. Kb1 Ba5 15. Qd3 O-O-O 16. Bxf6 gxf6 17. Nd5 $1 {[%cal Rd5c7]} Nxd5 18. exd5 Rdg8 $146 19. Rh3 Qc4 20. Qxc4+ bxc4 21. Ng3 c3 22. a3 cxb2 23. Nf5 (23. f4 $5) 23... Kc7 24. f4 d6 $36 {[%mdl 2048] ...Bc8 is the strong threat. White is under pressure.} 25. Rb3 Rb8 26. Kxb2 Bb6 27. Ka2 {White wants to play Nxd6!} Bc5 28. Ng3 Bd4 29. Bc4 {Precision: White = 51%, Black = 91%.} 1/2-1/2

[Event "1st Longtou Cup Belt and Road"]
[Site "Qinhuangdao"]
[Date "2018.06.03"]
[Round "8"]
[White "Dai, Changren"]
[Black "Zou, Chen"]
[Result "1/2-1/2"]
[WhiteElo "2436"]
[BlackElo "2361"]
[Annotator "TA"]
[PlyCount "78"]
[EventDate "2018.??.??"]
[EventCountry "CHN"]
[SourceTitle "playchess.com"]
[Source "ChessBase"]
[SourceQuality "1"]

{[%evp 11,78,11,21,12,8,14,17,27,22,19,17,19,19,14,14,12,32,28,34,18,18,18,19,18,30,22,26,26,34,18,18,18,18,10,10,9,10,10,11,11,18,18,18,-3,18,18,18,18,18,0,0,0,0,0,16,16,16,12,20,20,20,20,20,0,51,51,51,51,51]} 1. d4 Nf6 2. c4 e6 3. Nf3 d5 4. Nc3 Be7 5. Bf4 O-O 6. e3 Nbd7 7. a3 {D37: Queen's Gambit Declined: 5 Bf4} c5 8. cxd5 Nxd5 9. Nxd5 {The position is equal.} exd5 10. dxc5 Nxc5 11. Be5 Bf6 12. Bxf6 Qxf6 13. Qd4 Qxd4 14. Nxd4 Bd7 {[#]} 15. b4 $146 Ne6 16. Kd2 Nxd4 17. exd4 Bf5 18. Rc1 Rac8 19. Be2 Be6 20. Bf3 Rfd8 21. Rhe1 Kf8 22. a4 Rxc1 23. Rxc1 $11 {[%mdl 4096] Endgame KRB-KRB} Ke7 24. Rc7+ Rd7 25. Rc5 b6 26. Rc6 Kd8 27. Ke3 Rc7 28. Rxc7 $1 Kxc7 {KB-KB} 29. Kf4 Kd6 30. Bg4 Bxg4 31. Kxg4 {KP-KP} Ke6 32. h3 f6 33. f4 {[%cal Bf2f4,Bf4f5][%mdl 32]} Kf7 34. b5 Kg6 35. f5+ Kf7 36. Kh5 Kg8 37. g4 {[%cal Bg2g4,Bg4g5,Bg5g6][%mdl 32]} Kh8 (37... Kf8 $11) 38. g5 $1 $14 Kg8 39. g6 $1 {[%cal Rg6h7] [#] Threatens to win with gxh7+.} h6 {Precision: White = 62%, Black = 71%.} 1/2-1/2

[Event "1st Longtou Cup Belt and Road"]
[Site "Qinhuangdao"]
[Date "2018.06.03"]
[Round "8"]
[White "Chen, Qi b"]
[Black "Antipov, Mikhail Al"]
[Result "0-1"]
[WhiteElo "2432"]
[BlackElo "2597"]
[Annotator "TA"]
[PlyCount "62"]
[EventDate "2018.??.??"]
[EventCountry "CHN"]
[SourceTitle "playchess.com"]
[Source "ChessBase"]
[SourceQuality "1"]

{[%evp 13,62,41,59,66,67,50,52,52,60,59,47,52,47,58,55,52,56,41,52,23,24,21,27,-120,-130,-124,-121,-139,-131,-139,-121,-120,-129,-220,-208,-216,-195,-207,-188,-418,-412,-574,-570,-545,-542,-857,-589,-743,-572,-6450,-6434]} 1. e4 e6 2. d4 d5 3. Nd2 h6 4. Ngf3 Nf6 5. e5 Nfd7 6. c4 {C03: Französische Verteidigung (Tarrasch-Variante)} dxc4 7. Bxc4 Nb6 {LiveBook: 8 Partien} 8. Bd3 {Weiß steht etwas besser.} c5 9. Ne4 cxd4 10. Nxd4 Bb4+ 11. Nc3 Kf8 $146 12. Nf3 Bd7 13. O-O Bc6 14. Ne4 N8d7 15. Bf4 Nc5 16. Nxc5 Bxc5 17. Rc1 Nd5 18. Bg3 (18. Bd2 $11 Bb6 19. Qe2) 18... Ne3 $1 $17 {[%cal Re3d1]} 19. fxe3 Bxe3+ 20. Bf2 Bxc1 21. Nd4 Qd5 $1 {[%csl Gc6][%cal Rd5g2]} ({Nur nicht} 21... Bxb2 $2 22. Nxe6+ $1 {[%mdl 512]} fxe6 23. Bh4+ Kg8 24. Bxd8 $18) 22. Nxc6 bxc6 23. Qc2 {[#]} (23. Qxc1 $17 {war angesagt.} Qxd3 24. Qxc6 (24. Bc5+ $2 Kg8 $17)) 23... Bxb2 $1 $19 24. Be4 (24. Qxb2 Qxd3) 24... Qxe5 25. Bg6 {[#] Droht Lc5+ und aus.} Bd4 $1 {[%cal Rd4f2] Weiss muss nun ...Lxf2+ beachten.} 26. Qxc6 $2 {[#]} (26. Qd3 Bxf2+ 27. Rxf2) 26... Rd8 $1 27. Bxd4 Qxd4+ {Schwarz steht klar auf Gewinn.} 28. Rf2 Ke7 29. Bxf7 Qb6 {[%cal Rd8d1]} 30. Qf3 Rd2 31. Qa3+ Kd8 {Precision: Weiß = 58%, Schwarz = 83%.} 0-1

[Event "1st Longtou Cup Belt and Road"]
[Site "Qinhuangdao"]
[Date "2018.06.03"]
[Round "8"]
[White "Peng, Xiongjian"]
[Black "Xu, Minghui"]
[Result "0-1"]
[WhiteElo "2427"]
[BlackElo "2317"]
[Annotator "TA"]
[PlyCount "166"]
[EventDate "2018.??.??"]
[EventCountry "CHN"]
[SourceTitle "playchess.com"]
[Source "ChessBase"]
[SourceQuality "1"]

{[%evp 21,166,13,22,15,24,0,12,11,19,12,11,-5,12,0,-6,-18,-2,-66,-68,-71,-50,-74,-73,-68,-65,-77,-72,-75,-62,-135,-134,-133,-137,-144,-91,-100,-102,-93,-72,-64,-56,-91,-92,-95,-92,-96,-49,-152,-140,-266,-149,-145,-147,-184,-191,-211,-205,-234,-217,-212,-154,-233,-221,-263,-266,-541,-523,-539,-537,-540,-537,-590,-570,-555,-556,-591,-577,-565,-559,-597,-589,-573,-567,-649,-653,-653,-653,-633,-626,-622,-595,-7673,-11272,-8566,-5708,-5273,-4990,-4207,-2871,-2529,-2547,-1899,-1196,-6821,-12731,-1979,-4277,-12834,-12835,-12837,-12838,-12837,-12836,-12836,-12836,-12841,-12839,-12841,-12841,-12849,-12847,-12847,-12847,-12848,-12848,-12849,-12847,-12848,-12847,-12851,-29971,-29971,-29972,-29972,-29973,-29976,-29977,-29976,-29977,-29977,-12851,-29978,-29979,-29978,-29979,-29978,-29979]} 1. e4 e5 2. Nf3 Nc6 3. Bb5 {[%cal Bf1b5,Bb5a4,Ba4b3][%mdl 32]} a6 4. Ba4 Nf6 5. O-O Be7 6. d3 b5 7. Bb3 O-O 8. a4 b4 9. Nbd2 d6 10. a5 Be6 11. Re1 Rb8 12. h3 {C88: Closed Ruy Lopez: Anti-Marshall Systems} (12. Bxe6 fxe6 13. Nb3 Qc8 14. Qe2 Nd8 15. d4 exd4 16. Nbxd4 c5 17. Nb3 e5 18. Nbd2 Ne6 19. Nc4 Nd4 20. Nxd4 cxd4 {½-½ (43) Caruana,F (2807)-Carlsen,M (2822) Saint Louis 2017}) 12... Qc8 13. Nc4 h6 14. Be3 {The position is equal.} Qb7 15. Qe2 Nd7 $146 {[%cal Bf6d7,Bd7c5,Bc5b3][%mdl 32]} 16. Nh2 Rbe8 17. Nf1 Bg5 18. Bxg5 {aiming for Be3.} hxg5 19. Qh5 (19. Ba4 $11) 19... Nc5 $15 20. Ncd2 Nd4 {[%cal Re6b3]} 21. Ne3 Ncxb3 22. Nxb3 {[#]} Nxc2 $1 {[%mdl 512]} 23. Nxc2 {Strongly threatening Nd2.} Bxb3 24. Ne3 f6 $1 25. Rac1 (25. h4 $15) 25... Bf7 $17 26. Qf3 c5 27. h4 gxh4 (27... Be6 $142 28. hxg5 fxg5) 28. Nf5 Qd7 29. Nxh4 g5 30. Nf5 Be6 31. Re3 Bxf5 32. exf5 Kg7 33. Qd5 Rc8 34. Re4 (34. Rh3 $15) 34... Rfd8 35. Rec4 (35. Re3 $17) 35... Qf7 (35... Qxf5 $19 36. Qb7+ Kg6) 36. Qf3 Rh8 37. g3 Rb8 38. Qc6 Qb7 39. Qxb7+ Rxb7 $19 {[%mdl 4096] Endgame KRR-KRR} 40. Kg2 Rb5 41. Kf3 (41. Re4 $17) 41... Kf7 42. Ke4 Ke7 43. d4 $2 (43. f4 {was necessary.}) 43... exd4 44. Kd5 Kd7 45. Re1 d3 46. Rce4 {[#]} c4+ $1 47. Kd4 (47. Kxc4 d2) 47... Kc6 48. Rd1 Rh2 49. Re8 Rc5 50. Rb8 c3 51. bxc3 bxc3 52. Rc8+ Kb7 $1 {( -> ...c2)} 53. Rxc5 {[#]} c2 $1 ({Not} 53... dxc5+ 54. Kxd3 Rxf2 55. Kxc3 $17) 54. Rc1 {Black must now prevent R5xc2!} dxc5+ 55. Kxd3 Rxf2 {KR-KR} 56. g4 Kc6 57. Kc3 Rg2 58. Re1 {[#]} Re2 $1 {[%mdl 512]} 59. Rh1 (59. Rxe2 c1=Q+) 59... Kd5 60. Kb2 Ke5 61. Rh8 Kf4 62. Rf8 {[#]} c1=Q+ $1 63. Kxc1 Ra2 64. Rxf6 Rxa5 65. Rc6 Kxg4 66. f6 Ra4 67. Kd2 Rf4 68. Ke2 Kh4 69. Ke3 c4 70. Rxa6 Kg3 71. Re6 g4 72. Rc6 {[#]} c3 $1 {[%mdl 512]} 73. Kd3 (73. Rxc3 Rxf6) 73... Rf3+ 74. Kd4 Kf2 75. Rxc3 Rxf6 76. Rc2+ Kf3 77. Rc1 Kg2 78. Ke3 g3 {[%cal Bg4g3,Bg3g2][%mdl 32]} 79. Rc8 Kh2 80. Rh8+ Kg1 81. Ke2 g2 {Black mates.} 82. Rh7 Re6+ 83. Kd2 Re5 {Precision: White = 30%, Black = 78%.} 0-1

[Event "1st Longtou Cup Belt and Road"]
[Site "Qinhuangdao"]
[Date "2018.06.03"]
[Round "8"]
[White "Zhang, Ziji"]
[Black "Stupak, Kirill"]
[Result "0-1"]
[WhiteElo "2361"]
[BlackElo "2556"]
[Annotator "TA"]
[PlyCount "74"]
[EventDate "2018.??.??"]
[EventCountry "CHN"]
[SourceTitle "playchess.com"]
[Source "ChessBase"]
[SourceQuality "1"]

{[%evp 17,74,51,57,57,53,55,58,54,51,28,47,33,62,65,69,62,69,81,63,57,60,71,66,70,43,41,77,75,116,77,118,109,125,122,113,121,162,144,178,46,60,17,62,31,77,-36,-37,-361,-359,-356,-345,-347,-289,-752,-599,-29966,-11386,-4134,-1863]} 1. d4 Nf6 2. c4 g6 3. Nc3 Bg7 4. e4 d6 5. h3 O-O 6. Be3 c6 7. Nf3 a6 8. Bd3 b5 {E90: Königsindisch (Klassisches System)} 9. O-O Nbd7 {[%cal Bb8d7,Bd7b6,Bb6a4,Ba4c3][%mdl 32] LiveBook: 11 Partien} (9... bxc4 10. Bxc4 d5 11. Bd3 dxe4 12. Nxe4 Nxe4 13. Bxe4 Be6 14. Qc2 Bd5 15. Ne5 Bxe4 16. Qxe4 {0-1 (43) Khairullin,I (2652)-Nguyen,N (2634) Berlin 2015}) 10. Rc1 e5 {Weiß steht etwas besser.} 11. d5 bxc4 12. Bxc4 c5 13. a3 $146 ({Vorgänger:} 13. Nd2 Ne8 14. Qe2 f5 15. f4 exf4 16. Bxf4 {0-1 (34) Book,E-Gufeld,E Tallinn (Estland) 1969}) 13... Nb6 14. Be2 Nh5 15. Re1 a5 16. b4 axb4 17. axb4 cxb4 18. Nb5 Na4 19. Qb3 $36 {[%mdl 2048] Läuft bei Weiss.} Nc3 20. Nxc3 bxc3 21. Rxc3 f5 22. Rc6 Nf6 23. Nd2 Qe7 24. Qb4 f4 25. Bb6 Ne8 26. Ba5 Bd7 27. Rb6 Rf7 28. Bb5 ({Besser ist} 28. Rb8 $18 Rxb8 29. Qxb8) 28... Bxb5 $14 29. Rxb5 h5 30. Rc1 f3 {[#] Und ...fxg2 würde nun gewinnen.} 31. g3 (31. Rb8 $1 $16 {[%cal Rb8a8]} Rxb8 32. Qxb8) 31... Bh6 $15 {...Dd7 ist eine echte Drohung.} 32. Rb8 $2 {[%mdl 8192]} (32. Rc2 $15) 32... Bxd2 $1 $19 33. Rxe8+ Qxe8 34. Qxd2 Rc8 35. Rxc8 $2 (35. Re1) 35... Qxc8 36. Qh6 Qxh3 {[%csl Gf3][%cal Rh3g2] [#]} 37. Qxg6+ Rg7 {Precision: Weiß = 36%, Schwarz = 57%.} (37... Kf8 $142 38. Qh6+ Ke8 39. Qe6+ Qxe6 40. dxe6 Ra7) 0-1

[Event "1st Longtou Cup Belt and Road"]
[Site "Qinhuangdao"]
[Date "2018.06.03"]
[Round "8"]
[White "Huang, Renjie"]
[Black "Liu, Yan"]
[Result "1/2-1/2"]
[WhiteElo "2280"]
[BlackElo "2474"]
[Annotator "TA"]
[PlyCount "178"]
[EventDate "2018.??.??"]
[EventCountry "CHN"]
[SourceTitle "playchess.com"]
[Source "ChessBase"]
[SourceQuality "1"]

{[%evp 17,178,0,25,0,0,-8,0,-6,-9,-36,0,-57,0,0,0,0,0,-43,0,-15,-15,-15,-15,-15,-19,-21,-19,-12,-24,-22,25,-8,-14,-6,0,-8,0,-5,0,0,64,50,67,-7,-7,-7,-8,-60,-60,-60,-59,-59,-57,-59,-59,-59,-59,-59,-59,-59,-59,-59,-59,-59,-59,-59,-59,-99,-91,-103,-103,-103,-103,-103,-103,-103,-103,-103,-103,-103,-103,-103,-81,-103,-103,-103,-103,-103,-103,-103,-103,-103,-103,-103,-103,-103,-103,-103,0,0,0,0,0,0,0,0,0,0,0,0,0,0,0,0,0,0,0,0,0,0,0,0,0,0,0,0,0,0,0,0,0,0,0,0,0,0,0,0,0,0,0,0,0,0,0,0,0,0,0,0,0,0,0,0,0,0,0,0,0,0,0,0,0]} 1. e4 c5 2. Nf3 d6 3. d4 cxd4 4. Nxd4 Nf6 5. Nc3 a6 6. Bc4 e6 7. O-O Be7 8. Qf3 Qc7 9. Bb3 b5 10. Bg5 {B87: Sicilian Scheveningen/Najdorf: 6 Bc4, with early ...b5} (10. Qg3 O-O 11. Bh6 Ne8 12. Rad1 Bd7 13. Nce2 Kh8 14. Bg5 Bxg5 15. Qxg5 Nf6 16. Ng3 Qc5 17. Qd2 Rd8 18. Nf3 a5 19. a3 Ne8 20. Ng5 Kg8 {1-0 (34) Kasimdzhanov,R (2704)-Karjakin,S (2762) Berlin 2015}) 10... Nbd7 11. Rfe1 {Black should prevent e5.} O-O 12. Qg3 Nc5 {Hoping for ...b4.} 13. f3 Bb7 14. Rad1 $146 (14. Bh6 $11 Nh5 15. Qg4) ({Predecessor:} 14. Bh6 Ne8 15. Rad1 Kh8 16. Be3 Nf6 17. a3 Nxb3 18. Nxb3 {0-1 (54) Eberth,Z (2271)-Torok,S (2155) Heves 2001}) 14... Nh5 (14... b4 $1 $15 15. Nb1 Rfc8) 15. Qh4 $11 Bxg5 16. Qxg5 Nf6 {[%cal Bh5f6,Bf6d7,Bd7c5][%mdl 32]} 17. Qg3 Rfd8 18. Kh1 b4 19. Na4 {next Nxc5 is good for White.} Nfd7 20. Nxc5 Nxc5 21. Rd2 Rac8 22. Red1 Qe7 23. Ne2 {[%cal Rd2d6]} e5 24. Qg4 Nxb3 25. axb3 Rc5 26. c4 bxc3 27. Nxc3 a5 28. Qg3 g6 (28... h6 $11) 29. Qf2 $14 Qc7 30. f4 ({Better is} 30. Rd3 $14) 30... exf4 $11 31. Qxf4 Qe7 32. Nd5 (32. Rxd6 $11 Rxd6 33. Qxd6 Qxd6 34. Rxd6) 32... Bxd5 $1 $15 33. Rxd5 Re8 34. h3 Qxe4 35. Qxe4 Rxe4 36. Rxc5 dxc5 {[%mdl 4096] Endgame KR-KR} 37. Ra1 Rb4 38. Rxa5 Rxb3 39. Rxc5 Rxb2 40. Kh2 Kg7 41. Kg3 Rb4 42. Kf3 h5 {[%cal Bh7h5,Bh5h4][%mdl 32]} 43. g3 h4 44. g4 Rb3+ 45. Kg2 Rb2+ 46. Kg1 Kh6 47. Ra5 Re2 48. Rb5 f6 49. Ra5 Re5 50. Ra4 Rb5 51. Rc4 Kg5 52. Ra4 Rb1+ 53. Kg2 Rb2+ 54. Kg1 Re2 55. Rb4 Re3 56. Kg2 Rg3+ 57. Kh2 f5 (57... Ra3 $17 58. Kg2 Rg3+ 59. Kh2 Re3 60. Rb5+ f5) 58. gxf5 $11 {The position is equal.} gxf5 59. Ra4 Re3 60. Kg2 Re2+ 61. Kg1 Re4 62. Ra3 Re2 {And now ...Kf4 would win.} 63. Kf1 Rb2 {Threatens to win with ...Rc2.} 64. Ra4 Rh2 65. Ra3 Rd2 66. Ra4 Rd3 67. Kg2 Rg3+ 68. Kh2 Re3 {Strongly threatening ...Rb3.} 69. Kg2 Re4 70. Ra3 Kf4 {White must now prevent ...Re2+.} 71. Rf3+ Ke5 {...Re2+ is the strong threat.} 72. Ra3 Rd4 {aiming for ...Kf4.} 73. Kf3 Rd2 74. Ra5+ Kf6 (74... Rd5 {with more complications.} 75. Ra3 Rd1 76. Ra5+ Kf6 77. Ra2 Kg5) 75. Kf4 Rf2+ 76. Ke3 Rf1 (76... Rc2 {is more complex.} 77. Ra8 Rc4 78. Kf3 Kg6 79. Rg8+ Kf7) 77. Ra8 Re1+ 78. Kf4 Rf1+ 79. Ke3 Rh1 80. Rf8+ Kg6 81. Rg8+ Kf6 82. Rf8+ Kg6 83. Rg8+ Kf7 84. Rh8 Kg6 85. Rxh4 Re1+ 86. Kf2 Ra1 87. Rb4 Ra3 88. h4 Kh5 89. Rf4 Ra5 {Precision: White = 72%, Black = 62%.} 1/2-1/2

[Event "1st Longtou Cup Belt and Road"]
[Site "Qinhuangdao"]
[Date "2018.06.03"]
[Round "8"]
[White "Zhao, Zhouqiao CHN"]
[Black "Mosadeghpour, Masoud"]
[Result "0-1"]
[WhiteElo "2223"]
[BlackElo "2535"]
[Annotator "TA"]
[PlyCount "56"]
[EventDate "2018.??.??"]
[EventCountry "CHN"]
[SourceTitle "playchess.com"]
[Source "ChessBase"]
[SourceQuality "1"]

{[%evp 20,56,6,0,25,4,8,0,10,15,14,-11,0,-6,-14,-38,-37,-35,-51,-200,-180,-304,-291,-285,-292,-309,-308,-328,-320,-368,-320,-378,-352,-435,-385,-562,-549,-626,-612]} 1. d4 Nf6 2. Nf3 g6 3. Bf4 Bg7 4. c3 d6 5. h3 O-O 6. e3 c5 7. dxc5 {A48: 1 d4 Nf6 2 Nf3 g6: Torre, London and Colle Systems} dxc5 8. Qxd8 Rxd8 9. Bc7 Rd7 10. Bh2 Rd8 11. Bc7 {LiveBook: 18 Games} (11. Nbd2 Nc6 12. Bc4 b6 13. O-O-O Bb7 14. Rhe1 Nd7 {0-1 (55) Kramnik,V (2800)-Grischuk,A (2767) Moscow 2018}) 11... Re8 (11... Rd7 {is interesting.}) 12. Nbd2 Nc6 13. Bh2 Bf5 $146 ({Predecessor:} 13... Bd7 14. a4 h6 15. Be2 Be6 16. O-O Rac8 {½-½ (38) Cabanova,K (1713)-Slaba,A (1924) Liptovsky Mikulas 2018}) 14. Bb5 Rac8 15. Ne5 Nxe5 $1 16. Bxe5 Red8 {And now ...Rxd2! would win.} 17. Bxf6 Bxf6 18. g4 Be6 19. Bc4 {[#]} ({Better is} 19. Be2 $15) 19... Rxd2 $1 $19 {[%mdl 512]} 20. Kxd2 (20. Bxe6 $142 Rcd8 21. Bb3) 20... Bxc4 21. Rhd1 Rc6 22. Kc2 Re6 23. Rd7 Bh4 24. Rxb7 Bxf2 25. Rxa7 Bxe3 26. a4 f5 27. gxf5 (27. Ra8+ $142 Kf7 28. b3) 27... gxf5 {[%cal Bg6f5,Bf5f4][%mdl 32]} 28. a5 f4 {Precision: White = 19%, Black = 88%.} 0-1